000 00504nam a22001937a 4500
003 OSt
005 20240624153030.0
008 240624b |||||||| |||| 00| 0 eng d
020 _a0851989179
040 _cMUST
082 _a632 DIS 1994
100 _4Lenne, J M 1994
245 _aDiseases of tropical Pasture plants
260 _aColombia
_b: Cab International
_c, c 1994
300 _axvi,404p.
_b: ill
_c; 23 cm
504 _aincludes index
700 _4Trutmann, Peter
942 _2ddc
_cO_SHELF
999 _c8761
_d8761